Study of economic aspects of higher secondary education in Delhi (Record no. 21111)

MARC details
000 -LEADER
fixed length control field 00547nam a2200181Ia 4500
082 ## - DEWEY DECIMAL CLASSIFICATION NUMBER
Classification number TL.0037
100 ## - MAIN ENTRY--AUTHOR NAME
Personal name Lakshman Kumar
245 #0 - TITLE STATEMENT
Title Study of economic aspects of higher secondary education in Delhi
260 ## - PUBLICATION, DISTRIBUTION, ETC. (IMPRINT)
Year of publication 1983
Name of publisher Jamia Millia Islamia
300 ## - PHYSICAL DESCRIPTION
Number of Pages 255p. + C D - 45
650 ## - SUBJECT ADDED ENTRY--TOPICAL TERM
Topical Term HIGH SCHOOL TEACHERS - ATTITUDES
650 ## - SUBJECT ADDED ENTRY--TOPICAL TERM
Topical Term EDUCATION, SECONDARY - ECONOMIC ASPECTS - DELHI
650 ## - SUBJECT ADDED ENTRY--TOPICAL TERM
Topical Term ACADEMIC ACHIEVEMENT
650 ## - SUBJECT ADDED ENTRY--TOPICAL TERM
Topical Term COST EFFECTIVENESS (EDUCATION)
710 ## - ADDED ENTRY--CORPORATE NAME
Corporate name or jurisdiction name as entry element Abu Baker, T.N.
710 ## - ADDED ENTRY--CORPORATE NAME
Corporate name or jurisdiction name as entry element Dhar, T.N.
942 ## - ADDED ENTRY ELEMENTS (KOHA)
Koha item type Thesis
Source of classification or shelving scheme Dewey Decimal Classification
Holdings
Withdrawn status Lost status Damaged status Not for loan Home library Current library Date acquired Bill Date Full call number Accession Number Price effective from Koha item type
        NASSDOC Library NASSDOC Library 08/10/2004 2004-10-22 TL.0037 20821 18/04/2019 Thesis